00382nam a2200145Ia 4500008004100000020001800041041000800059082001800067100003200085245003700117260002600154300000800180365001600188700003200204230718s9999 xx 000 0 und d a9788178001333 aeng a005.4'32bVEN aVenkateswarlu N.B. (Editor) aLinux Programming Tools Unveiled c2011bBS Publications a565 cRs.b300.00 aVenkateswarlu N.B. (Editor)